000 00302nam a22001457a 4500
008 230324b ||||| |||| 00| 0 eng d
020 _a394328159
041 _aeng
080 _a159.9
082 _a159.9SEK
100 _a25
101 _aPSI
245 _aPERCEPTION
_cSEKULER.R
942 _2udc
_cBK
999 _c59439
_d59439